01052nam a2200313 c 4500001000200000003000900002005001700011008003300028020000600061040002700067080000600094082002200100100002400122245008400146246012700230260004300357300002600400336003200426337003100458490003000489648000600519650003600525650003600561655003000597655002500627655000600652700004200658700003800700 DO-SdBNP20231211121912.0170403s20uu sp a| 000 1 spa  a  aBPMSU bspacBPMSU e  a  a863.6bR934c 2221 a Ruiz, Celia d 0 10aCuentos para niñas /cadaptación Celia Ruiz ; ilustraciones Pilar Campos; 14aCuentos para niñas: cuentos de brujas, de hadas, de príncipes y princesas. El duende de los cuentos te hará soñar  aMadrid :bSusaeta Ediciones, c[200-?] a357 p.:bil. ;c21 cm aTexto (visual)2isbdcontent asin mediación2isbdmedia0 a El duende de los cuentos a  4aCuentos infantiles españoles  4aliteratura infantil española  7aLibros infantiles2tgfbne 4aLibros ilustrados2  42 1 eDirección editorial aDoblado, Ana 1 aCampos, Pilar eilustraciones d